Loading...
Fine Arts - Classical Music | 6 | 16.67 | 100% | 50% | 17% |
Fine Arts - Other Fine Arts | 9 | 13.33 | 56% | 67% | 11% |
Fine Arts - Painting & Sculpture | 7 | 15.71 | 100% | 57% | 0% |
History - American History | 9 | 18.89 | 100% | 56% | 33% |
History - European History | 9 | 15.56 | 89% | 44% | 22% |
History - Other History | 9 | 18.89 | 78% | 89% | 22% |
History - World History | 9 | 14.44 | 78% | 44% | 22% |
Literature - American Literature | 7 | 17.14 | 100% | 71% | 0% |
Literature - British Literature | 6 | 16.67 | 100% | 67% | 0% |
Literature - European Literature | 10 | 23.00 | 100% | 90% | 40% |
Literature - World Literature | 8 | 25.00 | 100% | 100% | 50% |
Mythology | 6 | 18.33 | 100% | 67% | 17% |
Other | 6 | 8.33 | 83% | 0% | 0% |
Philosophy | 7 | 18.57 | 100% | 71% | 14% |
Religion | 4 | 15.00 | 75% | 50% | 25% |
Science - Biology | 10 | 19.00 | 100% | 60% | 30% |
Science - Chemistry | 9 | 20.00 | 100% | 67% | 33% |
Science - Other Science | 8 | 8.75 | 88% | 0% | 0% |
Science - Physics | 8 | 10.00 | 75% | 25% | 0% |
Social Science | 9 | 18.89 | 100% | 56% | 33% |